MDQL
is popping MORE tags! Check the
thread
!
Quizzes
Events
Quiz Creation
Community
Videos
Private Events
Remove Ads
Sign In
Join for FREE
Feedback
Dark Mode
Quiz Categories
Sports
Geography
Music
Movies
Television
Just For Fun
Miscellaneous
History
Literature
Language
Science
Gaming
Entertainment
Religion
Holiday
For Kids
Quiz Lab
Recent
Popular Today
Quiz Kudos Today
Editor Picks
Curator Picks
Quizzes by...
Day
Popularity
Type
Ratings
Length
Year
Community
Subscriptions
Recent Discussions
Orange Saloon
Badges
Playlists
Quests
Create
Leaderboards
Showdown
Live 5
Trivia Bingo
Activity
Puzzle Library
Sporcle Events
Private Events
Virtual Trivia
Globe League
Become a Host
Pub Owners
SporcleCon
Opinionation
Our Games
Videos
Blog
Mobile Apps
Partnerships
Remove Ads and Go Orange
Feedback
Television
TV Characters
TV Show
Sitcom
Network
Friends
Reality Shows
Cast
South Park
Star Trek
The Simpsons
Doctor Who
Television
TV Characters
TV Show
Sitcom
Network
Friends
Reality Shows
Cast
South Park
Star Trek
The Simpsons
Doctor Who
Random Quiz
Search Sporcle
×
Quiz Lab
Quiz Lab
Television
TV Show
Click on answers out of a set of options
Click on answers out of a set of options
Multiple Choice
Best Score? Go Orange.
Combat! ABC-TV WWII Drama Stats
Can you answer these questions about Combat! - the ABC-TV WWII Drama?
By
robtkoch
5m
20 Questions
44 Plays
44 Plays
44 Plays
Comments
Comments
Give Quiz Kudos
Give Quiz Kudos
-
- Ratings
hide this ad
Random Order
Randomize order of answers
Randomize order of answers
Replay
Link that replays current quiz
Next Quiz
Link to next quiz in quiz playlist
You Got
0%
They Got
Avg Score
61%
Avg Friend Score
Upgrade to see
Score Distribution
Jump to the score distribution portion of the page
Score
0/20
Timer
05:00
0
Plays Today
Question
Answer
Wrong Answers
Sgt. Saunders' first name was:
Chip
72.7%
Nick
4.5%
Rick
6.8%
Vic
9.1%
He appeared in three episodes of Combat and later went on to star in the Godfather movies.
Robert Duvall
72.7%
Al Pacino
9.1%
Sterling Hayden
4.5%
John Cazale
4.5%
Littlejohn's first name was:
It was never disclosed
70.5%
John
6.8%
Stuart
2.3%
Richard
9.1%
Which of the cast members directed several episodes, most notably 'Hills Are for Heroes'?
Vic Morrow
65.9%
Pierre Jalbert
9.1%
Jack Hogan
4.5%
Rick Jason
9.1%
Which well-known comedian had a recurring role as Private Braddock?
Shecky Greene
65.9%
Don Rickles
11.4%
Norm Crosby
4.5%
Buddy Hackett
6.8%
Saunders' radio call sign was:
White Rook
65.9%
White Bishop
9.1%
White Knight
9.1%
White King
4.5%
Prior to being cast as 'Caje', Pierre Jalbert was working in Hollywood as _____ and was an accomplished _____.
a film editor - skier
63.6%
a set designer - dancer
11.4%
an agent - golfer
6.8%
a french pastry chef - opera singer
4.5%
Hans Gudegast, who appeared on numerous episodes in a variety of roles, is probably best known for:
changing his name to Eric Braeden and becoming a soap opera star
63.6%
winning a bronze medal in the downhill slalom for the Austrian Olympic team
18.2%
being a commercial spokesperson for Saab
0%
serving as Vice Chairman for Amnesty International
4.5%
Two actors who guest starred on different Combat! episodes also starred together on a long running TV series of their own. They were:
Jack Lord and James MacArthur (Hawaii Five-O)
63.6%
Alan Alda and McLean Stevenson (M*A*S*H*)
6.8%
Hal Linden and Abe Vigoda (Barney Miller)
6.8%
Lee Majors and Richard Anderson (The Six Million Dollar Man)
15.9%
The total number of Combat episodes was:
152
61.4%
97
9.1%
126
13.6%
197
9.1%
Another WWII based show debuted the same year as Combat! (1962). What show was it?
McHale's Navy
61.4%
Twelve O'Clock High
20.5%
Rat Patrol
15.9%
Garrison's Gorillas
0%
Which star of the 1967 film 'The Dirty Dozen' did NOT guest star in a Combat! episode?
Ernest Borgnine
61.4%
Lee Marvin
6.8%
John Cassavetes
6.8%
Charles Bronson
20.5%
Conlan Carter, who became a regular cast member as Doc beginning in Season 2, appeared in a Season 1 episode as:
an MP
61.4%
a war correspondent
6.8%
an SS officer
6.8%
a chaplain
15.9%
Which future cast members of The Mary Tyler Moore Show appeared in separate Combat! episodes?
Gavin MacLeod and Ted Knight
61.4%
Ed Asner and Cloris Leachman
4.5%
Ed Asner and Gavin MacLeod
11.4%
Ed Asner and Ted Knight
13.6%
Lt. Hanley typically carried a(n):
Carbine
59.1%
M-1 rfile
22.7%
Thompson sub-machine gun
6.8%
Browning Automatic Rifle (BAR)
2.3%
Which actor who later gained fame in the Star Trek TV series, had occasional roles in Combat! as one of the squad members?
Leonard Nimoy
56.8%
William Shatner
11.4%
DeForest Kelley
13.6%
James Doohan
11.4%
Which of the following did not appear on an episode of Combat!
Fabian
56.8%
Bobby Rydell
11.4%
Frankie Avalon
13.6%
Sal Mineo
13.6%
Paul Burke and Robert Culp guest starred on different episodes of Combat! but played similar roles in that:
They both wanted a squad member brought up on charges
52.3%
They both were German infiltrators
15.9%
They were both demolition experts sent to blow up a bridge
20.5%
They both played war correspondents
2.3%
Which MLB Hall of Fame player had an uncredited cameo appearance as a German soldier?
Warren Spahn
50%
Don Drysdale
15.9%
Duke Snider
11.4%
Mickey Mantle
13.6%
Which accomplished character actor appeared as the SS officer, Capt. Steiner, in the two part episode 'the Long Way Home?'
Richard Basehart
50%
Maximilian Schell
27.3%
Michael Caine
9.1%
Peter Ustinov
6.8%
Quiz Playlist
Details
Report
Send in Message
Add To Playlist
Multiple Choice:
Click on answers out of a set of options
Random Order:
Randomize order of answers
Last Updated: May 29, 2017
Quiz Scoreboard
CHALLENGE
Sign Up to Join the Scoreboard
Show All
Scores
Hide
Comments
May contain spoilers
Recently Published
Two Season TV Shows II
by 123Four
Television
10m
Image Sorting: Flags VI
by Barbecue
Geography
2m
Find the 'City' Movie
by crazypaving
Movies
60s
More to Explore
Quiz From the Vault
Featured Blog Post
14 Easter Pick-up Lines to Find Eggs With
hide this ad
You Might Also Like...
Tags
Clickable Quiz
TV Show Quiz
1960s
ABC
Drama Action
Multiple Choice
War Films
WWII
Today's Top Quizzes in Television
Browse Television
hide this ad
Today's Top Quizzes in TV Show
Browse TV Show
Top Contributed Quizzes in Television
1
Survivor Journey Challenge
2
Even More Two Season TV Shows
3
Adjectives in 00s TV Shows
4
Brooklyn Nine Nine Logic Puzzle (How-To-Play)
5
Adjectives in 10s TV Shows
6
Click the SpongeBob Episodes (Season 3)
7
Even More Three Season TV Shows
8
Survivor Logic Puzzle: Heroes vs. Villains
9
Total Drama Characters
10
Survivor Heroes vs. Villains Logic Puzzle
Explore More
Trending Topics
Crossword
NBA
Harry Potter
Marvel
Disney
Kpop
Anime
Pokémon
NFL
Country
The Office
Puzzle
Soccer
WWE
Song
hide this ad
More By:
robtkoch
Quiz
Plays
Rating
Category
Featured
Created
Really Bad Dad jokes
4,990
4.80
Just For Fun
Aug 15, 2019
Complete the Ad Slogan (clickable)
3,514
4.53
Television
Sep 22, 2017
Advertising Slogans from the 60's
2,467
4.60
Miscellaneous
Jun 2, 2017
Wise Sayings and Old Adages
2,042
4.89
Just For Fun
Dec 28, 2019
Television Firsts
1,782
4.69
Television
Oct 6, 2017
Go to Creator's Profile
Score Distribution
Quiz Creator Spotlight
robtkoch
Follow
Send a Message
Quizzes Created
-
Created Quiz Play Count
-
More By This Creator
Popular Quizzes Today
1
Find the US States - No Outlines Minefield
2
Colored Red Africa Blitz
3
Find the 'City' Movie
4
5x2 Blitz: Bands
5
The Countries of the World
6
Find the Countries of Europe - No Outlines Minefield
7
Find the US States
8
US States
More Television Quizzes
TV Couples II
Published
Trending Quizzes
Colored Red Europe Blitz I
Colored Red Africa Blitz II
Colored Red Europe Blitz II
Even More Two Season TV Shows
Colored Red Africa Blitz III
Recently Updated
March Madness Men's Triple Doubles
pecheneg
How Do You Spell That?
pecheneg
Godzilla Movies
pecheneg
Grab Bag: 4-10 Letters
pecheneg
2024 March Madness Bracket
pecheneg
Famous TV Couples
Peacemaker
Champions League XIs: Real Madrid
pecheneg
Largest US Cities 1790-2010
pecheneg
Rides in Walt Disney World
pecheneg
Most Oscar Losses (Acting)
pecheneg
Trending Topics
Kpop
Disney
NBA
Crossword
Anime
Harry Potter
Marvel
Puzzle
WWE
The Office
Pokémon
Country
Song
Soccer
NFL
Your Account Isn't Verified!
In order to create a playlist on Sporcle, you need to verify the email address you used during registration. Go to your
Sporcle Settings
to finish the process.
Report this User
Report this user for behavior that violates our
Community Guidelines
.
Details:
Send Report
Go to the Sporcle.com Mobile Site →
Comments